| 000 | 00360nam a22001457a 4500 | ||
|---|---|---|---|
| 003 | CEME | ||
| 005 | 20210628202244.0 | ||
| 008 | 210301b xxu||||| |||| 00| 0 eng d | ||
| 040 | _c. | ||
| 082 | _a891.4393 TAR | ||
| 100 |
_aTarar, Mustansar Hussian _959033 |
||
| 245 | _aSeyah ankh may tasveer | ||
| 650 |
_aSEYAH ANKH MAY TASVEER _959034 |
||
| 942 |
_cBK _2ddc |
||
| 999 |
_c569098 _d569098 |
||